| 000 | 01101cem a2200253 a 4500 | ||
|---|---|---|---|
| 001 | 12501020 | ||
| 005 | 20250218092440.0 | ||
| 007 | aj|aazba | ||
| 007 | cr ||||||||||| | ||
| 008 | 010813s1995 dcuag cc a f 0 eng | ||
| 050 | 0 | 0 |
_aG4042.M5G3 1995 _b.U51 |
| 110 | 1 |
_aUnited States. _bNatural Resources Conservation Service. |
|
| 245 | 1 | 0 |
_aMajor land resource area, 105 : _bnorthern Mississippi Valley, Loess Hills / _cU.S. Department of Agriculture, Natural Resources Conservation Service. |
| 260 |
_a[Washington, D.C.?] : _bThe Service, _c1995. |
||
| 300 |
_a1 map : _bphotocopy ; _c84 x 69 cm. |
||
| 500 | _a"March 1995 1008122." | ||
| 500 | _aRelief shown by contours and spot heights. | ||
| 500 | _a"Source: USGS 1:500,000 state map series and information from NRCS field personnel." | ||
| 500 | _aIncludes location map. | ||
| 650 | 0 |
_aConservation of natural resources _zMississippi River Valley _vMaps. |
|
| 650 | 0 |
_aConservation of natural resources _zLoess Hills (Iowa and Mo.) _vMaps. |
|
| 856 | 4 | 1 |
_dg4042m _fct011637 _uhttps://hdl.loc.gov/loc.gmd/g4042m.ct011637 _qc |
| 942 |
_2lcc _cBK _n0 |
||
| 999 |
_c3922 _d3922 |
||